Największe miasta Polski po populacji TOP 100 - Statystyki

Ogólne statystyki
  • Ten quiz został rozwiązany 243 razy
    230 od ostatniego zresetowania
  • Średni wynik to 57 z 100
Statystyki odpowiedzi
Miejsce Miasto % Poprawnych
2 Kraków
98%
1 Warszawa
98%
6 Gdańsk
96%
3 Łódź
96%
4 Wrocław
96%
12 Gdynia
94%
5 Poznań
94%
10 Białystok
91%
8 Bydgoszcz
90%
11 Katowice
90%
7 Szczecin
90%
9 Lublin
87%
16 Toruń
85%
20 Olsztyn
84%
27 Opole
84%
14 Radom
84%
24 Zielona Góra
84%
15 Rzeszów
83%
13 Częstochowa
81%
18 Kielce
81%
29 Gorzów Wielkopolski
78%
19 Gliwice
76%
54 Suwałki
75%
30 Elbląg
74%
37 Koszalin
72%
17 Sosnowiec
72%
21 Zabrze
72%
32 Płock
70%
95 Kołobrzeg
68%
35 Tarńow
68%
22 Bielsko Biała
67%
23 Bytom
64%
44 Nowy Sącz
64%
36 Chorzów
63%
39 Legnica
62%
52 Lubin
62%
67 Ełk
61%
38 Kalisz
61%
64 Zamość
61%
45 Jelenia Góra
60%
73 Przemyśl
60%
42 Słupsk
59%
28 Tychy
59%
34 Włocławek
59%
33 Wałbrzych
58%
49 Konin
57%
48 Piła
57%
50 Piotrków Trybunalski
57%
31 Dąbrowa Górnicza
56%
53 Inowrocław
56%
65 Łomża
55%
69 Chełm
54%
25 Rybnik
53%
62 Pruszków
52%
26 Ruda Śląska
52%
75 Biała Podlaska
51%
40 Grudziądz
51%
96 Krosno
51%
56 Gniezno
50%
63 Leszno
49%
70 Mielec
49%
46 Siedlce
49%
55 Stargard
47%
76 Bełchatów
45%
72 Kędzierzyn Koźle
45%
82 Legionowo
44%
94 Tarnobrzeg
44%
74 Stalowa Wola
43%
41 Jaworzno
42%
59 Głogów
41%
83 Ostrołęka
41%
51 Ostrów Wielkopolski
41%
90 Skierniewice
41%
57 Ostrowiec Świętokrzyski
39%
71 Tczew
39%
47 Mysłowice
38%
85 Piaseczno
38%
60 Pabianice
37%
58 Siemianowice Śląskie
37%
79 Zgierz
37%
61 Żory
37%
43 Jastrzębie Zdrój
36%
66 Tarnowskie Góry
36%
80 Piekary Śląskie
35%
68 Tomaszów Mazowiecki
35%
78 Będzin
34%
93 Puławy
34%
81 Racibórz
34%
88 Zawiercie
34%
100 Ciechanów
32%
99 Otwock
32%
97 Radomsko
32%
87 Wejherowo
32%
98 Dębica
30%
92 Starogard Gdański
30%
86 Świętochłowice
30%
89 Wodzisław Śląski
28%
84 Rumia
27%
91 Starachowice
26%
77 Świdnica
26%
Nie znaleziono quizów pasujących do podanych kryteriów
Rozkład punktacji
Procent ludzi z każdym wynikiem
Percentyl według liczby udzielonych odpowiedzi
Twoja historia wyników
Nie rozwiązałeś tego quizu od ostatniego zresetowania